000 00624nam a2200253 a 4500
001 nice12345678
003 IN_TiNIC
005 20260116011310.0
008 050524s1964 wesa grp 000 0 eng
020 _a
_c100
082 0 0 _a270
_bWAD
100 _aWaddams, Herbert
245 _aMeeting the Orthodox Churches
260 _aWestminster
_bC M C
_c1964
300 _a127p
500 _aincludes index and biblioraphy
505 2 _apart 1 age of the caliphs
650 _aChurch-History Eastern
650 _aOrthodox-Church
700 1 _aWaddams, Herbert
902 _bSRS
942 _cBK
999 _c298
_d298